000 00300nam a2200109Ia 4500
008 200302s9999 xx 000 0 und d
100 _aPeter Hyatt
245 _aDesigning with glass- Great Glass Buildings- 50 Modern Classics
260 _bImages Publishing, Austraila
260 _c2004
300 _a240
999 _c4503
_d4503